000 01270cam a22002891i 4500
003 SA-RiAUC
005 20260419131012.0
008 250203q19001999ua g 000 0 ara c
040 _aSA-JeALM
_bara
_cSA-RiAUC
_erda
043 _aa-su---
050 4 _bA23 1900z
082 0 4 _a215.2
_qSA-RiAUC
090 _aم ن 215.2
_bع ب د ح
100 1 _aعبد الحميد قدس، عبد الحميد بن محمد علي قدس بن عبد القادر،
_d1280-1335 هجري
_eمؤلف.
245 1 2 _aالذخائر القدسية في زيارة خير البرية /
_cعبد الحميد بن محمد علي قدس بن الخطيب.
264 1 _aمصر :
_bالمطبعة الميمنية،
_c[بين 1900 و1999]
300 _a176 صفحة ؛
_c29 سم.
336 _aنص
_btxt
_2rdacontent
_3كتاب
337 _aبدون وسيط
_bn
_2rdamedia
338 _aمجلد
_bnc
_2rdacarrier
610 2 7 _aالمسجد النبوي الشريف
_2aucnm
650 7 _aزيارة المدينة المنورة
_2aucsh
650 7 _aالأماكن المقدسة الإسلامية
_zالسعودية
_2aucsh
651 7 _aالمدينة المنورة
_xفضائل
_2aucsh
942 _2ddc
_cRBOOK COPY
_n0
949 _aSA-JeALM
_d250203
_uosman123
_n1
999 _c14820
_d14820